| 000 | 00729nas a2200241 i 4500 | ||
|---|---|---|---|
| 001 | 1837 | ||
| 003 | ES-MaACL | ||
| 005 | 20250724062553.0 | ||
| 007 | t| | ||
| 008 | 950801d18531855sp | | 1 ||pa d | ||
| 080 | _a460 | ||
| 245 | 0 | 0 | _aRevista española de ambos mundos. |
| 260 |
_aMadrid : _bTip. Mellado, _c1853-1855. |
||
| 300 |
_av. ; _c24 cm. |
||
| 310 | _aMensual | ||
| 362 | 0 | _aT. I (1853)-t. 4 (1855) | |
| 530 | _aDisponible en formato digital. | ||
| 650 | 7 |
_aCultura _2embne _9170963 |
|
| 852 |
_aES-MaACL _jR-1805-8 _x Olim: G-4016-19 |
||
| 856 |
_uhttp://prensahistorica.mcu.es/es/consulta/registro.cmd?id=1029043 _zBiblioteca Virtual de Prensa Histórica |
||
| 866 | 0 | _o1853-1855 | |
| 999 |
_c1837 _d1837 |
||